000 02542nam a2200193Ia 4500
999 _c7963
_d7963
005 20250626151349.0
008 230427s9999 xx 000 0 und d
040 _aUPAN
_cBiblioteca San Vicente
_eRCAA2
041 _aspa
082 _a341
_bLl791d
_c2000
100 _aLlanes Torres, Oscar B.
_4aut.
245 0 _aDerecho internacional público./
_bOscar B. Llanes Torres
250 _a4° ed.
260 _aEl Salvador:
_bJuridica Salvadoreña,
_c2000
300 _a530 p.:
_c21 cm.
505 _aCapitulo I. Relaciones internacionales, Històricos, Desarrollo y proceso històrico del Derecho Internacional Pùblico, Instrumentos validos, El Derecho Internacional Pùblico y la Diplomacia Capitulo II. Historia de las ideas polìticas Capitulo III. Concepto del Derecho Internacional Pùblico Capitulo IV. Negadores del Derecho Internacional Pùblico Capitulo V. Relaciones entre el Derecho Internacional y el Derecho Interno Capitulo VI. Universalidad de las normas internacionales- El Derecho Internacional Americano y Socialista Capitulo VII. Fuentes del Derecho Internacional Pùblico, Nociones, Conceptos, Fuentes Formales, Fuentes Materiales, Clasificaciòn de las Fuentes Capitulo VIII. Fuentes del Derecho Internacional Pùblico-Tratados Capitulo IX. Costumbre Capitulo X. Fuentes del Derecho Internacional Pùblico Capitulo XI. Fuentes del Derecho Internacional Capitulo XII. Fuentes del Derecho Internacional Pùblico Capitulo XIII. El Derecho Internacional tiene lagunas Capitulo XIV. Codificaciòn del Derecho Internacional Pùblico Capitulo XV. El Estado moderno Capitulo XVI. Reconocimiento de Gobiernos Capitulo XVII. Organizaciones Internacionales Capitulo XVIII. Organizaciones Internacionales Generales Capitulo XIX. Organziaciones Internacionales Regionales Capitulo XX. El orden jurìdico internacional y los derechos territoriales Capitulo XXI. El hombre en las relaciones internacionales Capitulo XXII. Principio Jurìdico de Nacionalidad Capitulo XXIII. Agentes diplomàticos Capitulo XXIV. Crisis internacionales Capitulo XXV. Situaciòn jurìdica internacional del extranjero, El Derecho Internacional de Extranjerìa Capitulo XXVI. Instituto Jurìdico del Asilo Capitulo XXVII. Principios reguladores de la represiòn de los delitos en las Relaciones Internacionales Capitulo XXVIII. Extradicciòn Capitulo XXIX. La ONU y el destino de la humanidad Cartas de las Naciones Unidas Nosotros los pueblos de las naciones unidas resueltos
650 _2LEMB
_aDerecho
942 _cBK
_2ddc